|
|
|
|
| LEADER |
00000nkmaa2200000 a 4500 |
| 001 |
vtls011620711 |
| 003 |
SK-MaSNL |
| 005 |
20260331210928.0 |
| 007 |
kh bo |
| 008 |
251016e1971 xo | |||0 k|slo |
| 035 |
|
|
|a 0949F8F4-0537-4199-97E1-9B2DFC8E378F
|
| 035 |
|
|
|a urn:nbn:sk:snk-km43ivt
|
| 035 |
|
|
|a urn:nbn:sk:snk-km00e54w
|
| 040 |
|
|
|a SNKLA
|b slo
|c SNKLA
|e AACR2
|
| 041 |
0 |
|
|a slo
|
| 044 |
|
|
|a xo
|c SK
|
| 100 |
1 |
|
|a Palkovič, Blažej
|4 pht
|9 346721
|
| 245 |
0 |
0 |
|a [Slávnosť odhalenia pamätného pomníka Pavla Országha Hviezdoslava vo Hviezdoslavove]
|h grafika
|
| 260 |
|
|
|a [S.l.
|b s.n.]
|c 1971
|
| 300 |
|
|
|a 1 fotografia
|b čb
|c 13 x 18 cm
|
| 520 |
2 |
|
|a Zobrazenie: Odhalenie pamätného pomníka Pavla Országha Hviezdoslava vo Hviezdoslavove pri príležitosti 50. výročia úmrtia básnika a 50. výročia vzniku obce, 29.10.1971. Autormi pomníka sú Teodor Baník a Rastislav Janák. Na obr.: Vasiľ Choma počas prejavu, sprava 2. Daniel Okáli, oproti mikrofónu Ján Sloboda.
|
| 600 |
1 |
7 |
|a Hviezdoslav, Pavol Országh,
|d 1849-1921
|2 SNKMA
|9 92721
|
| 600 |
1 |
7 |
|a Choma, Vasiľ,
|d 1927-2017
|2 SNKLA
|9 183974
|
| 600 |
1 |
7 |
|a Okáli, Daniel,
|d 1903-1987
|2 SNKMA
|9 103257
|
| 600 |
1 |
7 |
|a Sloboda, Ján
|d 1913-1986
|2 SNKLA
|9 37977
|
| 611 |
2 |
7 |
|a slávnosť odhalenia pamätného pomníka Pavla Országha Hviezdoslava
|d 1971
|c Hviezdoslavov, Slovensko
|9 346722
|
| 611 |
2 |
7 |
|a slávnosť 50. výročia úmrtia Pavla Országha Hviezdoslava
|d 1971
|c Hviezdoslavov, Slovensko
|9 346723
|
| 650 |
0 |
7 |
|a pamätné pomníky
|2 SNKLA
|9 312239
|
| 651 |
|
7 |
|a Hviezdoslavov (Slovensko)
|2 SNKPH
|9 186262
|
| 655 |
|
7 |
|a fotografie
|2 SNKPH
|9 70713
|
| 700 |
1 |
|
|a Baník, Teodor,
|d 1929-2017
|4 scl
|9 163002
|
| 700 |
1 |
|
|a Janák, Rastislav,
|d 1942-2002
|4 scl
|9 346724
|
| 710 |
2 |
|
|a Československá tlačová kancelária
|4 pht
|9 324511
|
| 852 |
7 |
|
|a Slovenská národná knižnica
|b Literárny archív
|
| 958 |
|
|
|a ZO
|
| 958 |
|
|
|a BLA
|
| 999 |
|
|
|c 592014
|d 593944
|
| 952 |
|
|
|a SNKLA
|b SNKLA
|c SNKLA_DEP
|y NEVYP
|7 0
|p 17A1191808
|o snkK 3/384
|i snkLA 231/1978
|0 0
|1 0
|4 0
|d 2017-03-29
|f 1
|l 0
|r 2026-02-23 15:27:51
|w 2026-02-23
|